| 000 | 00000nas 2200000za 4500 |
| 001 | 9.512525 |
| 003 | CaOODSP |
| 005 | 20230131161131 |
| 007 | cr ||||||||||| |
| 008 | 150406d19101999oncuu m o||||f0 |0eng|d |
| 040 | |aCaOODSP|beng |
| 041 | |aeng|bfre |
| 043 | |an-cn--- |
| 086 | 1 |aM46E-PDF |
| 245 | 00|aMemoir |h[electronic resource] / |c[Geological Survey of Canada]. |
| 246 | 2 |aGeological survey memoir |
| 246 | 2 |aGeological Survey of Canada memoir |
| 260 | |aOttawa, Ontario : |bThe Survey,|c[1910-199-] |
| 362 | 1 |aBegan with: No. 1, published in 1910. |
| 362 | 1 |aCeased with [no.] 440. |
| 500 | |a"... produced by scanning the original publication." |
| 504 | |aIncludes bibliographies. |
| 515 | |aSome issues also numbered as Canada. Geological Survey. Geological series or Canada. Geological Survey. Biological series, or Canada. Geological Survey. Anthropological series. |
| 515 | |aNo. 12-P and no. 8 called also v. 2, pt. 3 and v. 3, pt. 5 of: Contributions to Canadian Palaeontology; no. 406 not published. |
| 546 | |aIncludes summary in French. |
| 710 | 2 |aGeological Survey of Canada. |
| 775 | 08|tMémoire |w(CaOODSP)9.515890 |
| 776 | 0#|tMemoir |w(CaOODSP)9.514771 |